000 00683nam a2200217Ia 4500
008 191130s2007##################000#0#eng##
020 _a9780745640129
022 _a2007297447
040 _aACL
_cACL
082 _a361.61094 GID
100 _aGiddens, Anthony
245 _aEurope in the global age
_cAnthony Giddens
260 _aCambridge ; Malden, Mass
_bPolity
_c2007
300 _axiii, 246 p. ; 24 cm
500 _aIncludes bibliographical references and index
650 _aEuropean Union countries - Economic integration
650 _aEuropean Union countries - Social policy
990 _ab0d78c82ac10000c0531a33b4dde782a
991 _a346571
999 _c177931
_d177931